000 00990cam a22002415a 4500
001 L137712
008 070424q1996 xxkado f 000 0 eng d
020 _a0419204903
035 _a(Sirsi) u137712
041 0 _aeng
050 0 4 _a712.3 $2 18
100 1 _aLovejoy, Derek
245 0 0 _aSpon's landscape handbook
250 _a4th ed.
260 _aLondon
_bE & FN Spon
_c2006
300 _axx, 476p.
_bill.
_c26cm.
350 _a55
520 _aThis new edition of the handbook has been significantly revised from the third edition. Provides a guide to planning and landscape law; review of computer-aided design techniques and others. The format has been changed to SMM7 to make it easier to read in conjunction with Spon's Landscape and External Works Price Book and this is divided into: general guidance; British Standards; data and outline specification.
521 _aAdvanced
651 4 _aUnited Kingdom
_y
690 _aBUILT ENVIRONMENT-BUILDING COSTS
942 _n0
999 _c106882
_d106882